Detalles MARC
| 000 -ENCABEZADO |
| Número de control [NR] |
02337nam a2200361Ia 4500 |
| 008 - DE LONGITUD FIJA DE DATOS DE ELEMENTOS - INFORMACIÓN GENERAL |
| Elementos de longitud fija [NR] |
130821s1919 ck gr spa |
| 040 ## - FUENTE DE CATALOGACION [NR] |
| Agencia de catalogación original [NR] |
Co-BoUCM |
| Idioma de catalogación [NR] |
spa |
| 041 0# - CODIGO DE IDIOMA [R] |
| Código de idioma para texto/pista de sonido o título separado [R] |
Español |
| 092 ## - SIGNATURA TOPOGRAFICA LOCAL |
| Número de clasificación local |
E22N008 |
| 100 1# - ASIENTO PRINCIPAL--NOMBRE PERSONAL [NR] |
| Nombre personal [NR] |
Nieto Caballero, A. |
| 245 10 - MENCION DE TITULO [NR] |
| Título [NR] |
En el Gimnasio Moderno |
| Parte restante del título [NR] |
Dos discursos |
| Mención de responsabilidad, etc. [NR] |
A. Nieto Caballero |
| 246 18 - FORMA VARIANTE DEL TITULO [R] |
| Título propiamente dicho/forma breve del título [NR] |
Miscelanea |
| 260 ## - PUBLICACION, DISTRIBUCION, ETC. (PIE DE IMPRENTA) [R] |
| Lugar de publicación, distribución, etc. [R] |
Bogotá (Colombia) |
| Nombre del editor, distribuidor, etc. [R] |
Casa editorial de Arboleda y Valencia Editorial Cromos Talleres de la tipografía Vargas |
| Fecha de publicación, distribución, etc. [R] |
1919 ;[1923] ;[1920] |
| 300 ## - DESCRIPCION FISICA [R] |
| Extensión [R] |
3 tomosen 1 volumen[40 ; 32 ;189 páginas |
| 500 ## - NOTA GENERAL [R] |
| Nota general [NR] |
Detalles físicos: Encuadernación rígida en cartón forrado en papel, lomo con letras en dorado, tapas sucias. Portadas impresas a una sola tinta. Texto en una columna, papel con amarillamiento. Portadas del primero y segundo libro con anotación: "Para la biblioteca del Colegio Mayor de Nuestra Señora del Rosario. A. Nieto Caballero" y un sello de tinta. |
| 500 ## - NOTA GENERAL [R] |
| Nota general [NR] |
Ejemplar miscelánea con tres libros en un volumen. |
| 500 ## - NOTA GENERAL [R] |
| Nota general [NR] |
Título Después de Ayacucho indica Biblioteca de "El Universal" |
| 500 ## - NOTA GENERAL [R] |
| Nota general [NR] |
Título tomado de la primera obra. |
| 505 0# - NOTA DE CONTENIDO CON FORMATO PREESTABLECIDO [R] |
| Nota de contenido con formato preestablecido [NR] |
Después de Ayacucho: Prefacio. ; La casa de los Montenegro. ; Alma Barbara. ; El veinte y cuatro de enero. ; Gloria de Ayer, nostalgia de hoy. ; Las primeras armas. ; Románticas Crinolinas, Chapines de seda y encajes. ; Santa Inés. ; Viva la federación. |
| 505 0# - NOTA DE CONTENIDO CON FORMATO PREESTABLECIDO [R] |
| Nota de contenido con formato preestablecido [NR] |
En el gimnasio Moderno: En la colocación de la primera piedra, octubre 12 de 1918. ; En la inauguración de los edificios, agosto 10 de 1919. |
| 505 0# - NOTA DE CONTENIDO CON FORMATO PREESTABLECIDO [R] |
| Nota de contenido con formato preestablecido [NR] |
Nuestra Bandera: Nuestra bandera, Junio 29 de 1923. ; Discurso de Roberto García Paredes, Alumno del Gimnasio Moderno. ; Discurso de Agustín Nieto Caballero. |
| 505 2# - NOTA DE CONTENIDO CON FORMATO PREESTABLECIDO [R] |
| Nota de contenido con formato preestablecido [NR] |
En el gimnasio Moderno dos discursos |
| Mención de responsabilidad [R] |
A. Nieto Caballero -- |
| State manifest and birth record (1764-1977). |
Nuestra Bandera |
| Mención de responsabilidad [R] |
A. Nieto Caballero -- Después de Ayacucho |
| -- |
Enrique Bernardo Núñez. |
| 506 ## - NOTA DE RESTRICCIONES DE ACCESO [R] |
| Condiciones de acceso [NR] |
Consulta en sala. |
| 610 14 - ASIENTO SECUNDARIO DE MATERIA - NOMBRE CORPORATIVO [R] |
| Nombre corporativo o nombre de la jurisdicción como elemento de entrada [NR] |
Gimnasio Moderno |
| Subdivisión de forma [R] |
Discursos, ensayos, etc. |
| -- |
Miscelánea |
| 9 (RLIN) |
4285 |
| 650 04 - ASIENTO SECUNDARIO DE MATERIA - TERMINO TEMATICO [R] |
| Término temático o nombre geográfico como elemento de entrada [NR] |
Educación |
| Subdivisión geográfica [R] |
Colombia |
| Subdivisión de forma [R] |
Miscelánea |
| 9 (RLIN) |
13779 |
| 650 04 - ASIENTO SECUNDARIO DE MATERIA - TERMINO TEMATICO [R] |
| Término temático o nombre geográfico como elemento de entrada [NR] |
Información |
| 9 (RLIN) |
17580 |
| 650 04 - ASIENTO SECUNDARIO DE MATERIA - TERMINO TEMATICO [R] |
| Término temático o nombre geográfico como elemento de entrada [NR] |
Novela histórica |
| Subdivisión geográfica [R] |
Perú |
| Subdivisión de forma [R] |
Miscelánea |
| 9 (RLIN) |
20514 |
| 700 1# - ASIENTO SECUNDARIO - NOMBRE PERSONAL [R] |
| Nombre personal [NR] |
Núñez, Enrique Bernardo |
| 740 0# - ASIENTO SECUNDARIO – TITULOS RELACIONADOS/ANALITICOS NO CONTROLADOS [R] |
| Título relacionado o analítico no controlado [NR] |
Después de Ayacucho |
| 740 0# - ASIENTO SECUNDARIO – TITULOS RELACIONADOS/ANALITICOS NO CONTROLADOS [R] |
| Título relacionado o analítico no controlado [NR] |
Nuestra Bandera |
| 942 ## - ELEMENTOS DE ENTRADA AGREGADOS (KOHA) |
| Tipo de ítem principal el descrito en 300a |
Libro |
| Tema principal |
Generalidades |
| Edición |
1 |
| Sistema de clasificación |
DEWEY |
| Clasificación |
080 |